00460nam a22001577a 450000500170000000800410001702000150005804100120007308200140008510000260009924500710012525000180019626000350021430000290024965000240027820231030135534.0231030b |||||||| |||| 00| 0 eng d a0409050113 aEnglish a347.1 RAN aSampson, DH lEnglish aRandell and Bax The South African Attorneys Handbook /cDH Sampson aThird Edition aDurban :bButterworths, c1983 bxxv, 345 pages ;c25 cm. alegal practicebLaw